000 00991nam0a22002411 4500
001 rc\483933
005 20250621102502.0
035 _a(NLR Aleph) 005726503
090 _a7534074
_c7534075
100 _a20030616d1988 |||y0rusy50 ca
101 0 _arus
102 _aRU
105 _ay |||||||||
200 1 _aОценка и перспективы развития кружков качества в капиталистических странах
_e(Договор 1, код услуги 053)
_eАналит. справка
_fВНИИ информ. и техн.-экон. исслед. в электротехнике (Информэлектро)
_g[Сост. Е.А. Грамп, В.М. Крылов]
210 _aМ.
_cИнформэлектро
_d1988
215 _a[1], 18 с.
_d21
320 _aБиблиогр.: с. 16-17
333 _aДСП. Экз. № 000006
801 0 _aRU
_bNLR
_gpsbo
801 1 _aRU
_bELAR
_2rusmarc
852 _aNLR
_j89-50К/7119
942 _cBOOK
980 _aNB